Fundamentals Of Polymer Science And Technology/ (Record no. 205760)

MARC details
000 -LEADER
fixed length control field 00691nam a22002057a 4500
005 - DATE AND TIME OF LATEST TRANSACTION
control field 20240910160906.0
010 ## - LCCN (DPL NO)
LC control number ENG-141718
020 ## - INTERNATIONAL STANDARD BOOK NUMBER
International Standard Book Number 9789394107717
Terms of availability 540.00
035 ## - SYSTEM CONTROL NUMBER
System control number EN-125250
037 ## - SOURCE OF ACQUISITION
Source of stock number/acquisition DBAD
082 ## - DEWEY DECIMAL CLASSIFICATION NUMBER
Classification number 658.9
100 ## - MAIN ENTRY--PERSONAL NAME
Personal name Manna, Ajay Kumar
245 ## - TITLE STATEMENT
Title Fundamentals Of Polymer Science And Technology/
Statement of responsibility, etc By Ajay Kumar Manna
250 ## - EDITION STATEMENT
Edition statement 1
260 ## - PUBLICATION, DISTRIBUTION, ETC. (IMPRINT)
Place of publication, distribution, etc Kolkata
Name of publisher, distributor, etc Books & Allied (P) Ltd.
Date of publication, distribution, etc 2024
270 ## - ADDRESS
Address No. 1E(1), 'Shubham Plaza' (1st Floor) 83/1, Dr. SC Banerjee Road, Beliaghata
City Kolkata
Postal code 700010
Telephone number 033-23740062
Electronic mail address bookandallied1960@gmail.com
300 ## - PHYSICAL DESCRIPTION
Extent xx,505,ixp.
Dimensions 24cm(pb)
490 ## - SERIES STATEMENT
Volume number/sequential designation Part 1
942 ## - ADDED ENTRY ELEMENTS (KOHA)
Source of classification or shelving scheme Dewey Decimal Classification
Item type English Books
Classification part 658.9
Call number suffix MAN
Holdings
Withdrawn status Lost status Materials specified (bound volume or other part) Not for loan Collection code Home library Current library Date acquired Source of acquisition Cost, normal purchase price Full call number Barcode Copy number Cost, replacement price Koha item type
    Part 2   Non-fiction Bawana Bawana 10/09/2024 DBAD 540.00 658.9 MAN EN-125250 1 540.00 English Books

© Delhi Public Library
Hit Counter
free hit counter